| 000 | 004600000a22001810004500 | ||
|---|---|---|---|
| 003 | MACL | ||
| 005 | 20160128165351.0 | ||
| 008 | 160128b xxu||||| |||| 00| 0 eng d | ||
| 040 |
_aMACL _cMACL |
||
| 041 | _aEnglish | ||
| 082 | _a920.72/NAY | ||
| 100 |
_aNaqvi, Kahkashan _935095 |
||
| 245 | _aDiana a Candle in the Wind | ||
| 260 |
_bAbhishek Publications _c1997 _aChandigarh |
||
| 350 | _a110 | ||
| 650 |
_aBiography _935096 |
||
| 942 |
_cBK _k920.72/Naq _2ddc |
||
| 999 |
_c31242 _d31242 |
||